000 00682nam a2200241Ia 4500
003 OSt
005 20221005073151.0
006 a|||||r|||| 00| 0
007 ta
008 221004b |||||||| |||| 00| 0 eng d
024 _a103891
037 _cTextual
040 _aCRL
_cCRL
_beng
041 _2eng
_aeng
082 _aQ7xN25, P3
100 _aKhan Maulana Wahiduddin
_926820
245 0 _aBuilding a strong and prosperous India and the role of Muslims
260 _aNew Delhi
_bGoodword Books Pvt. Ltd. India
_c2003
300 _a72p.
_ccm.
650 _aRELIGION
942 _hQ7xN25, P3
_cTEXL
_2cc
999 _c980683
_d980683